Bharatar swadhinata andolan aru asam (Record no. 819)
[ view plain ]
| 000 -LEADER | |
|---|---|
| fixed length control field | 00523cam a2200193ua 4500 |
| 001 - CONTROL NUMBER | |
| control field | 896 |
| 005 - DATE AND TIME OF LATEST TRANSACTION | |
| control field | 20260515113235.0 |
| 008 - FIXED-LENGTH DATA ELEMENTS--GENERAL INFORMATION | |
| fixed length control field | 110423n ii |||gr||||Z||||||asm |
| 040 ## - CATALOGING SOURCE | |
| Transcribing agency | MAIN |
| 082 ## - DEWEY DECIMAL CLASSIFICATION NUMBER | |
| Classification number | 322.4454162 |
| 245 1# - TITLE STATEMENT | |
| Title | Bharatar swadhinata andolan aru asam |
| Statement of responsibility, etc. | by Indrani Boruah |
| 250 ## - EDITION STATEMENT | |
| Edition statement | 1st. |
| 260 ## - PUBLICATION, DISTRIBUTION, ETC. | |
| Place of publication, distribution, etc. | Guwahati: |
| Name of publisher, distributor, etc. | Purbanchal prokashan,989. |
| 300 ## - PHYSICAL DESCRIPTION | |
| Extent | 222p.:0cm. |
| 653 ## - INDEX TERM--UNCONTROLLED | |
| Uncontrolled term | Political science |
| 653 ## - INDEX TERM--UNCONTROLLED | |
| Uncontrolled term | Bharatvarsar swadhinata andolan aru asam |
| 700 ## - ADDED ENTRY--PERSONAL NAME | |
| Personal name | Boruah, Indrani., |
| Relator term | Author. |
| 942 ## - ADDED ENTRY ELEMENTS (KOHA) | |
| Koha item type | Books |
| Withdrawn status | Lost status | Damaged status | Not for loan | Home library | Current library | Shelving location | Date acquired | Total checkouts | Full call number | Barcode | Date last seen | Copy number | Price effective from | Koha item type | Date last checked out |
|---|---|---|---|---|---|---|---|---|---|---|---|---|---|---|---|
| Naharkatiya College Library | Naharkatiya College Library | General stacks | 09/19/2020 | 322.4454162 | BOR | 10350 | 09/19/2020 | 7 | 09/19/2020 | Books | ||||||
| Naharkatiya College Library | Naharkatiya College Library | General stacks | 09/19/2020 | 1 | 322.4454162 | BOR | 438 | 11/06/2025 | 9 | 09/19/2020 | Books | 10/30/2025 | ||||
| Naharkatiya College Library | Naharkatiya College Library | General stacks | 09/19/2020 | 1 | 322.4454162 | BOR | 439 | 11/26/2025 | 6 | 09/19/2020 | Books | 11/25/2025 | ||||
| Naharkatiya College Library | Naharkatiya College Library | General stacks | 09/19/2020 | 322.4454162 | BOR | 440 | 10/12/2022 | 09/19/2020 | Books | |||||||
| Naharkatiya College Library | Naharkatiya College Library | General stacks | 09/19/2020 | 1 | 322.4454162 | BOR | 441 | 12/15/2025 | 5 | 09/19/2020 | Books | 11/11/2025 | ||||
| Naharkatiya College Library | Naharkatiya College Library | General stacks | 09/19/2020 | 322.4454162 | BOR | 442 | 09/19/2020 | -1 | 09/19/2020 | Books | ||||||
| Naharkatiya College Library | Naharkatiya College Library | General stacks | 09/19/2020 | 322.4454162 | BOR | 443 | 09/19/2020 | 8 | 09/19/2020 | Books | ||||||
| Naharkatiya College Library | Naharkatiya College Library | General stacks | 09/19/2020 | 1 | 322.4454162 | BOR | 444 | 11/29/2025 | 4 | 09/19/2020 | Books | 11/11/2025 | ||||
| Naharkatiya College Library | Naharkatiya College Library | General stacks | 09/19/2020 | 1 | 322.4454162 | BOR | 445 | 11/26/2025 | 3 | 09/19/2020 | Books | 11/08/2025 | ||||
| Naharkatiya College Library | Naharkatiya College Library | General stacks | 09/19/2020 | 1 | 322.4454162 | BOR | 446 | 12/01/2025 | 10 | 09/19/2020 | Books | 11/17/2025 |